000 00667nam a22002537a 4500
003 UA-OsUOA
001 52052
007 ta
008 20150525b un ||||| |||| 00| 0 ukr d
100 _aОвечко І.
090 _a82-92
942 _cBK
040 _aUA-OsUOA
_bukr
_cUA-OsUOA
_dUA-OsUOA
245 _aВибрані статті
300 _a94 с.
955 _a3
041 _aukr
080 _a82-92
260 _c1973
246 3 1 _a4
650 7 _a82 Література. Літературознавство
_2UDC
999 _c432172
_d432172